| 000 | 01296nam a22002175i 4500 | ||
|---|---|---|---|
| 001 | 54370 | ||
| 003 | ES-MaACL | ||
| 005 | 20250815062601.0 | ||
| 007 | t| | ||
| 008 | 960718m18811904fr ||||1| fre d | ||
| 040 |
_aCAM _bspa _cCAM |
||
| 100 | 1 |
_aFontane, Marius. _951610 |
|
| 245 | 1 | 0 |
_aHistoire universelle / _cMarius Fontane. |
| 260 |
_aParis : _bAlphonse Lemerre : _b[s.a.], _c1881-1904. |
||
| 300 |
_a13 v. ; _c22 cm. |
||
| 500 | _aFalta el vol. 14 ("La Renaissance, de 1250 áa 1516") publicado en 1910. | ||
| 505 | 8 | _aContiene: V. 1. Inde vedique (de 1800 áa 800 av. J.-C.) -- v. 2. Les Iraniens (de 2500 áa 800 av. J.-C.) -- v. 3. Les Egyptes (de 5000 áa 750 av. J.-C.) -- v. 4. Les Asiatiques (de 4000 áa 559 av. J.-C.) -- v. 5. La Grèce (de 1300 áa 480 av. J.-C.) -- v. 6. Athènes (de 480 áa 336 av. J.-C.) -- v. 7. Rome (de 754 áa 63 av. J.-C.) -- v. 8. Le Christianisme (de 67 av. J.-C. áa 117 ap. J.-C.) -- v. 9. Les Barbares (de 117 áa 395 ap. J.-C.) -- v. 10. Mahomet (de 395 áa 632 ap. J.-C.) -- v. 11. La Papauté, Charlemagne (de 632 áa 877 ap. J.-C.) -- v. 12. L'Europe (de 872 áa 1122 ap. J.-C.) -- v. 13. Les Croisades (de 1096 áa 1327 ap. J.-C.) | |
| 650 | 7 |
_aHistoria universal _2embne _913429 |
|
| 852 |
_aES-MaACL _jD-568-80 |
||
| 999 |
_c54370 _d54370 |
||